[Event "Lvov Vasylyshyn Memorial-B 18th"]
[Site "Lvov"]
[Date "2021.12.10"]
[Round "7"]
[White "Nester, Ihor"]
[Black "Meleshko, Vladimir"]
[Result "1/2-1/2"]
[WhiteElo "2288"]
[BlackElo "2274"]
[PlyCount "54"]
[EventDate "2021.12.04"]
[EventType "tourn"]
[EventRounds "9"]
[EventCountry "UKR"]
[SourceTitle "CBM 205 Extra"]
[Source "ChessBase"]
[SourceDate "2022.01.31"]
[SourceVersion "1"]
[SourceVersionDate "2022.01.31"]
[SourceQuality "1"]

1. Nf3 Nf6 2. c4 e6 3. g3 d5 4. d4 Be7 5. Bg2 0-0 6. Nc3 dxc4 7. Ne5 Nc6 8. Bxc6 bxc6 9. Nxc6 Qd6 10. Nxe7+ Qxe7 11. Qa4 c5 12. dxc5 Qxc5 13. Be3 Qc7 14. 0-0-0 Bd7 15. Qa3 Bc6 16. f3 Nd5 17. Bd4 Rfc8 18. Nxd5 Bxd5 19. e4 Bb7 20. Qc3 f6 21. Qe3 e5 22. Bc3 Qc5 23. Qxc5 Rxc5 24. Rd7 Ba6 25. Rhd1 Bb5 26. Rb7 a6 27. g4 Rac8 1/2-1/2

[Event "Lvov Vasylyshyn Memorial-B 18th"]
[Site "Lvov"]
[Date "2021.12.08"]
[Round "5"]
[White "Nester, Ihor"]
[Black "Nurgaliyev, Sauat"]
[Result "1/2-1/2"]
[WhiteElo "2288"]
[BlackElo "2102"]
[PlyCount "123"]
[EventDate "2021.12.04"]
[EventType "tourn"]
[EventRounds "9"]
[EventCountry "UKR"]
[SourceTitle "CBM 205 Extra"]
[Source "ChessBase"]
[SourceDate "2022.01.31"]
[SourceVersion "1"]
[SourceVersionDate "2022.01.31"]
[SourceQuality "1"]

1. Nf3 Nf6 2. c4 e6 3. g3 d5 4. d4 Be7 5. Bg2 0-0 6. 0-0 dxc4 7. Qc2 a6 8. a4 Bd7 9. Rd1 Bc6 10. Nc3 Bxf3 11. Bxf3 Nc6 12. Bxc6 bxc6 13. Bg5 h6 14. Bxf6 Bxf6 15. Ne4 Be7 16. Qxc4 Qd5 17. Qc2 a5 18. Rac1 Rfb8 19. Qxc6 Rxb2 20. e3 Bf8 21. Qxd5 exd5 22. Nc5 Ra2 23. Kg2 Bd6 24. Rb1 Bxc5 25. dxc5 c6 26. Rb6 Rc8 27. Ra6 Rxa4 28. Rb1 Rb4 29. Ra1 Rb5 30. R1xa5 Rxa5 31. Rxa5 Rc7 32. Ra8+ Kh7 33. Rd8 Kg6 34. Rd6+ Kf5 35. Kf3 Ke5 36. Ke2 Kf5 37. Kf3 h5 38. h3 Kg5 39. e4 dxe4+ 40. Kxe4 f6 41. f4+ Kg6 42. g4 hxg4 43. hxg4 Re7+ 44. Kd4 Rc7 45. Ke4 Re7+ 46. Kf3 Rc7 47. Kg3 Kf7 48. g5 fxg5 49. f5 Ra7 50. Kg4 Ra1 51. Kxg5 Rg1+ 52. Kf4 Rf1+ 53. Ke5 Re1+ 54. Kd4 Rd1+ 55. Kc4 Rxd6 56. cxd6 Ke8 57. Kd4 Kd8 58. Ke4 Kd7 59. Ke5 c5 60. Kd5 c4 61. Kxc4 Kxd6 62. Kd4 1/2-1/2

[Event "Lvov Vasylyshyn Memorial-B 18th"]
[Site "Lvov"]
[Date "2021.12.05"]
[Round "2"]
[White "Nester, Ihor"]
[Black "Dubnevych, Maksym"]
[Result "1-0"]
[WhiteElo "2288"]
[BlackElo "2076"]
[PlyCount "122"]
[EventDate "2021.12.04"]
[EventType "tourn"]
[EventRounds "9"]
[EventCountry "UKR"]
[SourceTitle "CBM 205 Extra"]
[Source "ChessBase"]
[SourceDate "2022.01.31"]
[SourceVersion "1"]
[SourceVersionDate "2022.01.31"]
[SourceQuality "1"]

1. Nf3 Nf6 2. c4 c5 3. Nc3 Nc6 4. g3 d5 5. d4 cxd4 6. Nxd4 Qb6 7. Nxc6 bxc6 8. Bg2 e6 9. 0-0 Ba6 10. cxd5 Nxd5 11. Qa4 Rd8 12. Nxd5 exd5 13. Be3 Qb5 14. Qxb5 Bxb5 15. Bxa7 Be7 16. Bf3 Bf6 17. a4 Bc4 18. Bc5 Bxb2 19. Rab1 Be5 20. Rb6 Bc7 21. Rb7 Bd6 22. Bxd6 Rxd6 23. a5 Rd7 24. Rfb1 Bb5 25. Rb8+ Rd8 26. Rxd8+ Kxd8 27. Bxd5 Kc7 28. Bxf7 Bxe2 29. f4 Ra8 30. Ra1 Kd6 31. Kf2 Bb5 32. Ke3 Kc5 33. f5 Ra7 34. Be6 Kb4 35. g4 h6 36. h4 c5 37. g5 hxg5 38. hxg5 Ra6 39. Rb1+ Ka4 40. Ra1+ Kb4 41. Bc8 Rxa5 42. Rxa5 Kxa5 43. Be6 Be8 44. Ke4 Kb4 45. g6 c4 46. Bf7 Bc6+ 47. Ke3 c3 48. f6 Ka3 49. Kd3 Kb2 50. fxg7 Bb5+ 51. Ke4 c2 52. g8Q c1Q 53. Qh8+ Kb1 54. Qd4 Qh1+ 55. Kf5 Bd7+ 56. Kg5 Qg2+ 57. Kf6 Qf3+ 58. Ke7 Bf5 59. g7 Bh7 60. Bg6+ Ka2 61. Bxh7 Qb7+ 1-0

[Event "Lazy IM"]
[Site "Lazy"]
[Date "2021.10.09"]
[Round "8"]
[White "Nester, Ihor"]
[Black "Kowalczyk, Pawel"]
[Result "1-0"]
[WhiteElo "2292"]
[BlackElo "2364"]
[PlyCount "77"]
[EventDate "2021.10.04"]
[EventType "tourn"]
[EventRounds "9"]
[EventCountry "POL"]
[EventCategory "2"]
[SourceTitle "CBM 204 Extra"]
[Source "ChessBase"]
[SourceDate "2021.11.30"]
[SourceVersion "1"]
[SourceVersionDate "2021.11.30"]
[SourceQuality "1"]

1. Nf3 f5 2. c4 Nf6 3. g3 g6 4. Bg2 Bg7 5. 0-0 0-0 6. Nc3 d6 7. d4 e6 8. Qc2 Qe7 9. e4 e5 10. dxe5 dxe5 11. Re1 fxe4 12. Nxe4 Nxe4 13. Qxe4 Nc6 14. Be3 Bf5 15. Qd5+ Be6 16. Qb5 a6 17. Qc5 Qxc5 18. Bxc5 Rfe8 19. Rac1 h6 20. Nd2 Rad8 21. Ne4 b6 22. Ba3 Nd4 23. h3 c5 24. b4 cxb4 25. Bxb4 Rd7 26. c5 bxc5 27. Nxc5 Rc7 28. Ba5 Rcc8 29. a4 Nb3 30. Nxb3 Bxb3 31. Bc6 Rf8 32. Bb4 Rf7 33. Bd5 Rxc1 34. Bxf7+ Kxf7 35. Rxc1 Bxa4 36. Rc7+ Kf6 37. Bc3 Bb3 38. Rc6+ Kf5 39. g4+ 1-0

[Event "Lazy IM"]
[Site "Lazy"]
[Date "2021.10.05"]
[Round "2"]
[White "Borsuk, Konstantin"]
[Black "Nester, Ihor"]
[Result "1/2-1/2"]
[WhiteElo "2441"]
[BlackElo "2292"]
[PlyCount "100"]
[EventDate "2021.10.04"]
[EventType "tourn"]
[EventRounds "9"]
[EventCountry "POL"]
[EventCategory "2"]
[SourceTitle "CBM 204 Extra"]
[Source "ChessBase"]
[SourceDate "2021.11.30"]
[SourceVersion "1"]
[SourceVersionDate "2021.11.30"]
[SourceQuality "1"]

1. d4 f5 2. g3 Nf6 3. Bg2 g6 4. Nf3 Bg7 5. 0-0 0-0 6. c4 d6 7. Qb3 Na6 8. Nc3 Qe8 9. c5+ Kh8 10. Qa3 dxc5 11. dxc5 e5 12. b4 c6 13. e4 Nxe4 14. Nxe4 fxe4 15. Ng5 Nc7 16. Nxe4 Nb5 17. Qb2 Be6 18. Be3 Nd4 19. Nd6 Qd7 20. f4 Nf5 21. Nxf5 Rxf5 22. Rad1 exf4 23. Qc1 Qe7 24. Bxf4 Bxa2 25. Bh3 Rf7 26. Bg2 Qe6 27. Rfe1 Qc4 28. Qa3 a5 29. bxa5 Qb3 30. Qc1 Qc3 31. Qe3 Qxa5 32. Be5 Bxe5 33. Qxe5+ Kg8 34. h4 Bd5 35. Bxd5 Qxc5+ 36. Kh2 cxd5 37. Rxd5 Ra2+ 38. Kh3 Qc8+ 39. Qe6 Qxe6+ 40. Rxe6 Rb2 41. h5 gxh5 42. Re8+ Kg7 43. Rxh5 Rb6 44. Rhe5 Rh6+ 45. Kg2 b6 46. Rb5 Rc6 47. Re4 Rb7 48. Ree5 Kf7 49. Kh3 Re6 50. Rh5 Kg7 1/2-1/2

[Event "Raciborz op 20th"]
[Site "Raciborz"]
[Date "2020.01.13"]
[Round "5"]
[White "Trybus, Daniel"]
[Black "Nester, Ihor"]
[Result "1/2-1/2"]
[WhiteElo "1919"]
[BlackElo "2311"]
[PlyCount "54"]
[EventDate "2020.01.11"]
[EventType "swiss"]
[EventRounds "9"]
[EventCountry "POL"]
[SourceTitle "CBM 194 Extra"]
[Source "ChessBase"]
[SourceDate "2020.03.31"]
[SourceVersion "1"]
[SourceVersionDate "2020.03.31"]
[SourceQuality "1"]

1. e4 e5 2. Nf3 Nc6 3. Nc3 Nf6 4. d4 exd4 5. Nxd4 Bb4 6. Nxc6 bxc6 7. Bd3 0-0 8. 0-0 Re8 9. Bg5 h6 10. Bh4 Rb8 11. Qf3 d6 12. Rfe1 Bd7 13. h3 Bc5 14. Rad1 Bd4 15. Bc4 Be5 16. Bb3 Be6 17. Bg3 Bxg3 18. Qxg3 Nh5 19. Qe3 Qg5 20. Qxg5 hxg5 21. e5 Bxb3 22. axb3 Rxe5 23. Rxe5 dxe5 24. Ne4 Nf4 25. Nxg5 f6 26. Nf3 c5 27. Ra1 Ne6 1/2-1/2

[Event "Raciborz op 20th"]
[Site "Raciborz"]
[Date "2020.01.11"]
[Round "1"]
[White "Dybala, Rajmund"]
[Black "Nester, Ihor"]
[Result "0-1"]
[WhiteElo "1394"]
[BlackElo "2311"]
[PlyCount "90"]
[EventDate "2020.01.11"]
[EventType "swiss"]
[EventRounds "9"]
[EventCountry "POL"]
[SourceTitle "CBM 194 Extra"]
[Source "ChessBase"]
[SourceDate "2020.03.31"]
[SourceVersion "1"]
[SourceVersionDate "2020.03.31"]
[SourceQuality "1"]

1. e4 e5 2. Nf3 Nc6 3. d3 Bc5 4. Nbd2 Nf6 5. Be2 d5 6. 0-0 0-0 7. a3 a5 8. c3 h6 9. Ne1 Be6 10. Qc2 Bb6 11. Ndf3 Qe7 12. Be3 dxe4 13. Nd2 Bxe3 14. fxe3 exd3 15. Bxd3 Ng4 16. Rf3 f5 17. Bxf5 Rxf5 18. Rxf5 Nxe3 19. Qe4 Nxf5 20. Nef3 Rd8 21. Kh1 Qc5 22. Re1 Qd5 23. Qxd5 Bxd5 24. b4 axb4 25. axb4 Bxf3 26. Nxf3 Nd6 27. Rd1 e4 28. Ne1 Ne5 29. Kg1 Ra8 30. Kf2 Nf5 31. h3 Ra2+ 32. Kg1 e3 33. Kh2 Rd2 34. Ra1 Nd6 35. Rc1 e2 36. Rc2 Rxc2 37. Nxc2 Nd3 38. Kg1 Ne4 39. g4 Nxc3 40. Kg2 Nd5 41. Kf3 e1Q 42. Nxe1 Nxe1+ 43. Ke2 Nc2 44. b5 Nd4+ 45. Kd3 Nxb5 0-1

[Event "Raciborz op 20th"]
[Site "Raciborz"]
[Date "2020.01.11"]
[Round "2"]
[White "Nester, Ihor"]
[Black "Gardian, Adam"]
[Result "1/2-1/2"]
[WhiteElo "2311"]
[BlackElo "1724"]
[PlyCount "115"]
[EventDate "2020.01.11"]
[EventType "swiss"]
[EventRounds "9"]
[EventCountry "POL"]
[SourceTitle "CBM 194 Extra"]
[Source "ChessBase"]
[SourceDate "2020.03.31"]
[SourceVersion "1"]
[SourceVersionDate "2020.03.31"]
[SourceQuality "1"]

1. Nf3 Nf6 2. c4 g6 3. g3 Bg7 4. Bg2 0-0 5. 0-0 d6 6. d4 Nc6 7. Nc3 e5 8. dxe5 dxe5 9. Qxd8 Rxd8 10. Bg5 Be6 11. Nd2 h6 12. Bxf6 Rxd2 13. Bxg7 Kxg7 14. b3 Rad8 15. e3 Na5 16. Ne4 Rb2 17. Rfb1 Rxb1+ 18. Rxb1 Bf5 19. Rc1 Bxe4 20. Bxe4 f5 21. Bd5 Nc6 22. Kf1 Nb8 23. Ke2 c6 24. Bg2 a5 25. a3 Na6 26. Rb1 Kf6 27. b4 axb4 28. axb4 e4 29. f3 Ke5 30. fxe4 fxe4 31. Rf1 g5 32. Rf7 Nxb4 33. Re7+ Kf6 34. Rxb7 Na2 35. Bxe4 Nc3+ 36. Kf3 Rf8 37. g4 Ke5+ 38. Bf5 Rf6 39. Rd7 Na4 40. e4 Nb6 41. Ra7 Nxc4 42. Ra4 Nb6 43. Ra5+ Kd4 44. e5 Rf8 45. e6 Nd5 46. Ra7 c5 47. Rd7 Ke5 48. Kg3 c4 49. Ra7 Re8 50. Ra6 Rc8 51. e7 Re8 52. Rc6 c3 53. Rc4 Rxe7 54. Kf3 Kd6 55. Be4 Rf7+ 56. Ke2 Nf4+ 57. Ke3 Re7 58. Kd4 1/2-1/2

[Event "Zadar op-A 26th"]
[Site "Zadar"]
[Date "2019.12.18"]
[Round "5"]
[White "Vidic, Teja"]
[Black "Nester, Ihor"]
[Result "1/2-1/2"]
[WhiteElo "2221"]
[BlackElo "2329"]
[PlyCount "84"]
[EventDate "2019.12.15"]
[EventType "swiss"]
[EventRounds "9"]
[EventCountry "CRO"]
[SourceTitle "CBM 193 Extra"]
[Source "ChessBase"]
[SourceDate "2020.01.31"]
[SourceVersion "1"]
[SourceVersionDate "2020.01.31"]
[SourceQuality "1"]

1. e4 e5 2. Nf3 Nc6 3. d4 exd4 4. Nxd4 Nf6 5. Nxc6 bxc6 6. e5 Qe7 7. Qe2 Nd5 8. c4 Nb6 9. Nc3 Qe6 10. Qe4 g6 11. Bd3 Bg7 12. f4 0-0 13. 0-0 Ba6 14. c5 Bxd3 15. Qxd3 Nd5 16. Bd2 f6 17. exf6 Bxf6 18. Rae1 Qf5 19. Qxf5 gxf5 20. Nxd5 cxd5 21. Bc3 Bxc3 22. bxc3 Rab8 23. Rf3 Rfe8 24. Rxe8+ Rxe8 25. Rd3 c6 26. Kf2 Rb8 27. Re3 Rb5 28. Kg3 Kf7 29. Kh4 Kf6 30. h3 Rxc5 31. g4 Rc4 32. Rf3 Kg6 33. Kg3 Ra4 34. Re3 Rxa2 35. Re7 fxg4 36. hxg4 h5 37. Rxd7 hxg4 38. Kxg4 Rg2+ 39. Kf3 Rh2 40. Kg4 Rg2+ 41. Kf3 Ra2 42. Kg4 Rg2+ 1/2-1/2

[Event "Leuven op"]
[Site "Leuven"]
[Date "2019.11.11"]
[Round "6"]
[White "De Block, Yordi"]
[Black "Nester, Ihor"]
[Result "1/2-1/2"]
[WhiteElo "2121"]
[BlackElo "2366"]
[PlyCount "97"]
[EventDate "2019.11.08"]
[EventType "swiss"]
[EventRounds "7"]
[EventCountry "BEL"]
[SourceTitle "CBM 193 Extra"]
[Source "ChessBase"]
[SourceDate "2020.01.31"]
[SourceVersion "1"]
[SourceVersionDate "2020.01.31"]
[SourceQuality "1"]

1. d4 f5 2. Bg5 g6 3. e3 Bg7 4. h4 c6 5. Nd2 d6 6. Be2 Be6 7. g4 fxg4 8. Bxg4 Bxg4 9. Qxg4 Qd7 10. Qe4 Qf5 11. Ngf3 Qxe4 12. Nxe4 Nd7 13. Ke2 Ngf6 14. Bxf6 Nxf6 15. Nxf6+ Bxf6 16. h5 g5 17. h6 Rg8 18. Rag1 Kf7 19. Rh5 Kg6 20. Rh3 Kf5 21. Rh5 Kg6 22. Rh3 Raf8 23. Nxg5 Bxg5 24. f4 Rf5 25. fxg5 Rgf8 26. Rhg3 Rf2+ 27. Kd3 Rh2 28. Rg4 Rff2 29. Rf4 d5 30. Rxf2 Rxf2 31. e4 dxe4+ 32. Kc3 e3 33. Rg4 e2 34. Re4 Rf7 35. Rxe2 Kxg5 36. Re6 Kf5 37. Re5+ Kf6 38. b4 e6 39. Kd3 Rd7 40. c4 Rd8 41. a4 Rg8 42. b5 Rg3+ 43. Ke4 cxb5 44. Rxb5 b6 45. a5 Rc3 46. axb6 axb6 47. Rxb6 Rxc4 48. Rb7 Kg6 49. Re7 1/2-1/2

[Event "Leuven op"]
[Site "Leuven"]
[Date "2019.11.11"]
[Round "7"]
[White "Nester, Ihor"]
[Black "Vanden Bussche, Steven"]
[Result "1-0"]
[WhiteElo "2366"]
[BlackElo "2069"]
[PlyCount "69"]
[EventDate "2019.11.08"]
[EventType "swiss"]
[EventRounds "7"]
[EventCountry "BEL"]
[SourceTitle "CBM 193 Extra"]
[Source "ChessBase"]
[SourceDate "2020.01.31"]
[SourceVersion "1"]
[SourceVersionDate "2020.01.31"]
[SourceQuality "1"]

1. Nf3 d5 2. d4 Nf6 3. c4 c6 4. Qc2 e6 5. g3 Nbd7 6. Bg2 Be7 7. Nbd2 0-0 8. 0-0 b6 9. e4 Nxe4 10. Nxe4 dxe4 11. Qxe4 Bb7 12. Rd1 Qc7 13. Bf4 Bd6 14. Bxd6 Qxd6 15. c5 Qc7 16. Rac1 bxc5 17. dxc5 Nf6 18. Qe5 Qxe5 19. Nxe5 Nd5 20. b4 f6 21. Nc4 Ba6 22. Na5 Nxb4 23. a3 Nd3 24. Rc3 Nb2 25. Rd6 Na4 26. Rc1 Bb5 27. Nxc6 Kf7 28. Nd4 Rab8 29. c6 Ba6 30. Rd7+ Kg6 31. Nxe6 Rg8 32. Rxa7 Nc3 33. Nf4+ Kh6 34. Rxa6 g5 35. c7 1-0

[Event "Leuven op"]
[Site "Leuven"]
[Date "2019.11.09"]
[Round "3"]
[White "Nester, Ihor"]
[Black "Budak, Rewi"]
[Result "1/2-1/2"]
[WhiteElo "2366"]
[BlackElo "2093"]
[PlyCount "46"]
[EventDate "2019.11.08"]
[EventType "swiss"]
[EventRounds "7"]
[EventCountry "BEL"]
[SourceTitle "CBM 193 Extra"]
[Source "ChessBase"]
[SourceDate "2020.01.31"]
[SourceVersion "1"]
[SourceVersionDate "2020.01.31"]
[SourceQuality "1"]

1. Nf3 b6 2. d4 Nf6 3. g3 Bb7 4. Bg2 e6 5. 0-0 Be7 6. c4 0-0 7. Re1 d6 8. b3 Nbd7 9. Bb2 a5 10. Nc3 Ne4 11. Qd3 f5 12. Nd2 d5 13. cxd5 exd5 14. f3 Ng5 15. h4 Ne6 16. f4 Nf6 17. e3 g6 18. Qe2 Ba6 19. Qd1 Ng7 20. Nf3 Ngh5 21. Ne5 Bb7 22. Qf3 Bb4 23. Rec1 Qe7 1/2-1/2

[Event "Romanian op"]
[Site "Alba Iulia"]
[Date "2019.10.31"]
[Round "5"]
[White "Nester, Ihor"]
[Black "Ognean, Mihnea Ionut"]
[Result "1/2-1/2"]
[WhiteElo "2381"]
[BlackElo "2285"]
[PlyCount "67"]
[EventDate "2019.10.28"]
[EventType "swiss"]
[EventRounds "9"]
[EventCountry "ROU"]
[SourceTitle "CBM 192 Extra"]
[Source "Chessbase"]
[SourceDate "2019.11.06"]
[SourceVersion "1"]
[SourceVersionDate "2019.11.06"]
[SourceQuality "1"]

1. Nf3 d5 2. d4 Nf6 3. c4 e6 4. g3 dxc4 5. Bg2 c5 6. 0-0 Nc6 7. dxc5 Qxd1 8. Rxd1 Bxc5 9. Nbd2 c3 10. bxc3 0-0 11. Nb3 Be7 12. Nfd4 Nxd4 13. cxd4 Nd5 14. Bb2 Bd7 15. e4 Nb6 16. d5 Nc4 17. Bd4 e5 18. Bc5 Nd6 19. Na5 b6 20. Bxd6 Bxd6 21. Nc4 Bb8 22. d6 f6 23. Ne3 a6 24. a4 Ra7 25. Bf1 b5 26. axb5 axb5 27. Rab1 Ra6 28. Bxb5 Bxb5 29. Rxb5 Rxd6 30. Rdb1 Ba7 31. Nf5 Rd7 32. Rb7 Rxb7 33. Rxb7 Rf7 34. Rxf7 1/2-1/2

[Event "Lvov Tradition IM 09"]
[Site "Lvov"]
[Date "2019.09.26"]
[Round "7"]
[White "Nester, Ihor"]
[Black "Vakulenko, Aleksandr"]
[Result "0-1"]
[WhiteElo "2383"]
[BlackElo "2167"]
[PlyCount "84"]
[EventDate "2019.09.23"]
[EventType "tourn"]
[EventRounds "9"]
[EventCountry "UKR"]
[SourceTitle "EXT 2020"]
[Source "ChessBase"]
[SourceDate "2019.10.17"]
[SourceVersion "1"]
[SourceVersionDate "2019.10.17"]
[SourceQuality "1"]

1. Nf3 d5 2. d4 e6 3. c4 c6 4. Qc2 Nf6 5. Nbd2 Nbd7 6. g3 b6 7. Bg2 Bb7 8. 0-0 Be7 9. e4 dxe4 10. Nxe4 0-0 11. Rd1 Nxe4 12. Qxe4 Qc8 13. Ng5 Nf6 14. Qe2 Rd8 15. Bh3 Kf8 16. Re1 Bb4 17. Bd2 Bxd2 18. Qxd2 h6 19. Bxe6 fxe6 20. Nxe6+ Kf7 21. Nxd8+ Qxd8 22. Qf4 Qd7 23. Re5 Rd8 24. Rae1 Kf8 25. Re6 Kf7 26. Qe5 Re8 27. Rxf6+ gxf6 28. Qh5+ Kf8 29. Qxh6+ Kg8 30. Qg6+ Kf8 31. Qxf6+ Kg8 32. Qg6+ Kf8 33. Rxe8+ Qxe8 34. Qxe8+ Kxe8 35. g4 Bc8 36. h3 Be6 37. b3 b5 38. cxb5 cxb5 39. f4 Bxb3 40. a3 a5 41. Kf2 b4 42. axb4 a4 0-1

[Event "Lvov Cup"]
[Site "Lvov"]
[Date "2019.08.20"]
[Round "6"]
[White "Firat, Burak"]
[Black "Nester, Ihor"]
[Result "1/2-1/2"]
[WhiteElo "2463"]
[BlackElo "2366"]
[PlyCount "29"]
[EventDate "2019.08.18"]
[EventType "swiss"]
[EventRounds "9"]
[EventCountry "UKR"]
[SourceTitle "EXT 2020"]
[Source "ChessBase"]
[SourceDate "2019.10.17"]
[SourceVersion "1"]
[SourceVersionDate "2019.10.17"]
[SourceQuality "1"]

1. c4 f5 2. d4 Nf6 3. Nc3 e6 4. g3 Be7 5. Bg2 0-0 6. Nf3 Ne4 7. Qc2 Nxc3 8. Qxc3 a5 9. 0-0 d6 10. b3 Nc6 11. Bb2 Bf6 12. Qc2 e5 13. d5 Ne7 14. Rfd1 Bd7 15. a3 1/2-1/2

[Event "Satu Mare Szabo Memorial"]
[Site "Satu Mare"]
[Date "2019.08.06"]
[Round "6"]
[White "Nester, Ihor"]
[Black "Soltanici, Ruslan"]
[Result "1/2-1/2"]
[WhiteElo "2366"]
[BlackElo "2408"]
[PlyCount "30"]
[EventDate "2019.08.02"]
[EventType "swiss"]
[EventRounds "9"]
[EventCountry "ROU"]
[SourceTitle "CBM 191 Extra"]
[Source "ChessBase"]
[SourceDate "2019.09.30"]
[SourceVersion "1"]
[SourceVersionDate "2019.09.30"]
[SourceQuality "1"]

1. Nf3 Nf6 2. c4 e6 3. g3 b6 4. Bg2 Bb7 5. 0-0 c5 6. Nc3 a6 7. d4 cxd4 8. Qxd4 d6 9. Be3 Nbd7 10. Ng5 Bxg2 11. Kxg2 Rc8 12. Nge4 Rc6 13. Nxf6+ Nxf6 14. Ne4 Be7 15. Bg5 0-0 1/2-1/2

[Event "Arad op 12th"]
[Site "Arad"]
[Date "2019.07.27"]
[Round "5"]
[White "Nester, Ihor"]
[Black "Weinzettl, Ernst"]
[Result "1-0"]
[WhiteElo "2361"]
[BlackElo "2165"]
[PlyCount "119"]
[EventDate "2019.07.24"]
[EventType "swiss"]
[EventRounds "9"]
[EventCountry "ROU"]
[SourceTitle "CBM 191 Extra"]
[Source "ChessBase"]
[SourceDate "2019.09.30"]
[SourceVersion "1"]
[SourceVersionDate "2019.09.30"]
[SourceQuality "1"]

1. Nf3 Nf6 2. c4 g6 3. d4 Bg7 4. g3 0-0 5. Bg2 d6 6. 0-0 c6 7. Nc3 Qa5 8. e4 e5 9. h3 Nbd7 10. Re1 exd4 11. Nxd4 Ne5 12. Bf1 Re8 13. Be3 c5 14. Nb3 Qb4 15. Nd2 a6 16. Rb1 Qa5 17. a3 Qd8 18. f4 Nc6 19. Bg2 h5 20. Nd5 Nxd5 21. cxd5 Nd4 22. b4 b6 23. bxc5 bxc5 24. Nc4 Nb5 25. Rb3 Bd4 26. Bxd4 Nxd4 27. Rb6 Bd7 28. Rxd6 Nb5 29. Rxd7 Qxd7 30. Nb6 Qa7 31. Nxa8 c4+ 32. Kh2 Rxa8 33. a4 Nd6 34. Qd2 Rb8 35. e5 Nf5 36. d6 Qd7 37. Qc2 Rb3 38. Qxc4 Rxg3 39. Qxa6 Rc3 40. Qb5 Qd8 41. Qb4 Rc2 42. Qe4 Qh4 43. Rd1 Qg3+ 44. Kh1 Rc8 45. d7 Rd8 46. e6 fxe6 47. Qxe6+ Kg7 48. Qe5+ Kh7 49. a5 Qb3 50. Qd5 Qa4 51. Qd2 Kh6 52. Bf1 h4 53. Kg1 Qa3 54. a6 Qg3+ 55. Qg2 Qe3+ 56. Qf2 Qb3 57. Rd3 Qa4 58. a7 Ng3 59. Bg2 Qa6 60. Rd2 1-0

[Event "Arad op 12th"]
[Site "Arad"]
[Date "2019.07.26"]
[Round "4"]
[White "Jianu, Vlad Cristian"]
[Black "Nester, Ihor"]
[Result "1/2-1/2"]
[WhiteElo "2523"]
[BlackElo "2361"]
[PlyCount "83"]
[EventDate "2019.07.24"]
[EventType "swiss"]
[EventRounds "9"]
[EventCountry "ROU"]
[SourceTitle "CBM 191 Extra"]
[Source "ChessBase"]
[SourceDate "2019.09.30"]
[SourceVersion "1"]
[SourceVersionDate "2019.09.30"]
[SourceQuality "1"]

1. c4 f5 2. g3 Nf6 3. Bg2 g6 4. Nc3 Bg7 5. d3 d6 6. e4 c6 7. Nge2 e5 8. 0-0 0-0 9. exf5 Bxf5 10. d4 Nbd7 11. h3 Qc7 12. g4 Be6 13. d5 Bf7 14. Be3 c5 15. Ng3 a6 16. a4 Rab8 17. Qc2 Kh8 18. g5 Ng8 19. Be4 Ne7 20. Kg2 b5 21. axb5 axb5 22. cxb5 Nb6 23. Rad1 Nbc8 24. h4 Na7 25. h5 Kg8 26. h6 Bh8 27. b4 cxb4 28. b6 Rxb6 29. Bxb6 Qxb6 30. Qb3 Nac6 31. Rb1 Rb8 32. Nce2 Qb5 33. Rfd1 Nd4 34. Rxd4 exd4 35. Nf4 Qa5 36. Nge2 Rb5 37. Qc4 Rb8 38. Nxd4 Qc5 39. Qxc5 dxc5 40. Nde6 Be5 41. Nd3 Bxe6 42. dxe6 1/2-1/2

[Event "Arad op 12th"]
[Site "Arad"]
[Date "2019.07.25"]
[Round "3"]
[White "Nester, Ihor"]
[Black "Breitkopf, Ioan Francisc"]
[Result "1-0"]
[WhiteElo "2361"]
[BlackElo "1994"]
[PlyCount "44"]
[EventDate "2019.07.24"]
[EventType "swiss"]
[EventRounds "9"]
[EventCountry "ROU"]
[SourceTitle "CBM 191 Extra"]
[Source "ChessBase"]
[SourceDate "2019.09.30"]
[SourceVersion "1"]
[SourceVersionDate "2019.09.30"]
[SourceQuality "1"]

1. Nf3 d5 2. d4 e6 3. c4 a6 4. g3 Nf6 5. Bg2 Be7 6. 0-0 0-0 7. Nc3 Nbd7 8. b3 Ne4 9. Bb2 f5 10. Nd2 c6 11. f3 Nxd2 12. Qxd2 Bg5 13. Qd3 b5 14. cxd5 f4 15. dxc6 Nb8 16. d5 Bf6 17. Rac1 Ra7 18. Kh1 Qc7 19. d6 Qxc6 20. Ne4 Bxb2 21. Rxc6 Nxc6 22. Qc2 b4 1-0

[Event "Arad op 12th"]
[Site "Arad"]
[Date "2019.07.24"]
[Round "1"]
[White "Nester, Ihor"]
[Black "Baibarac, Niculae"]
[Result "1-0"]
[WhiteElo "2361"]
[BlackElo "1826"]
[PlyCount "115"]
[EventDate "2019.07.24"]
[EventType "swiss"]
[EventRounds "9"]
[EventCountry "ROU"]
[SourceTitle "CBM 191 Extra"]
[Source "ChessBase"]
[SourceDate "2019.09.30"]
[SourceVersion "1"]
[SourceVersionDate "2019.09.30"]
[SourceQuality "1"]

1. Nf3 Nf6 2. c4 c5 3. Nc3 Nc6 4. d4 d6 5. dxc5 dxc5 6. Qxd8+ Nxd8 7. Nb5 Ne6 8. Ng5 Rb8 9. Nxe6 Bxe6 10. Bf4 Rd8 11. Nc7+ Kd7 12. 0-0-0+ Kc8 13. Rxd8+ Kxd8 14. Nxe6+ fxe6 15. g3 Ne4 16. Be3 b6 17. Bh3 Kd7 18. Rd1+ Nd6 19. Bf4 Rg8 20. Rd5 h6 21. Re5 Nf5 22. Bxf5 exf5 23. Rxf5 g6 24. Rd5+ Kc8 25. Be5 Bg7 26. Bxg7 Rxg7 27. h4 Kc7 28. Kd2 e6 29. Rd3 a6 30. Ke3 b5 31. b3 g5 32. hxg5 Rxg5 33. Ke4 Rh5 34. cxb5 axb5 35. Rd2 Kc6 36. a4 bxa4 37. bxa4 Rg5 38. Ra2 Kb6 39. a5+ Ka6 40. Ra3 Rd5 41. f4 h5 42. Rd3 Kxa5 43. Rxd5 exd5+ 44. Kxd5 Kb4 45. f5 c4 46. f6 c3 47. f7 c2 48. f8Q+ Kb3 49. Qc5 Kb2 50. Qb4+ Ka1 51. Qc3+ Kb1 52. Qb3+ Kc1 53. Kd4 h4 54. Kd3 Kd1 55. Qxc2+ Ke1 56. Ke3 Kf1 57. Kf3 Kg1 58. gxh4 1-0

[Event "Rheinland Pfalz op 11th"]
[Site "Weilerbach"]
[Date "2019.06.23"]
[Round "7"]
[White "Ronge, Tim Hendrick"]
[Black "Nester, Ihor"]
[Result "1/2-1/2"]
[WhiteElo "2143"]
[BlackElo "2360"]
[PlyCount "55"]
[EventDate "2019.06.20"]
[EventType "swiss"]
[EventRounds "7"]
[EventCountry "GER"]
[SourceTitle "CBM 191 Extra"]
[Source "ChessBase"]
[SourceDate "2019.09.30"]
[SourceVersion "1"]
[SourceVersionDate "2019.09.30"]
[SourceQuality "1"]

1. d4 f5 2. Bg5 g6 3. Nc3 Bg7 4. e3 Nf6 5. h4 d6 6. Bc4 c6 7. Bxf6 Bxf6 8. h5 d5 9. Bd3 e5 10. dxe5 Bxe5 11. Nf3 Bxc3+ 12. bxc3 Qf6 13. c4 Be6 14. cxd5 Bxd5 15. Rb1 Nd7 16. Rxb7 Nc5 17. Rb4 Bxa2 18. Ke2 a5 19. Rd4 0-0 20. hxg6 hxg6 21. Qa1 Bd5 22. Bc4 Ne4 23. Nd2 Nxd2 24. Bxd5+ cxd5 25. Rxd2 Qxa1 26. Rxa1 Rfc8 27. Ra2 Rc5 28. Rd4 1/2-1/2

[Event "Raciborz op 19th"]
[Site "Raciborz"]
[Date "2019.02.14"]
[Round "8"]
[White "Mirzoev, Emil"]
[Black "Nester, Ihor"]
[Result "1/2-1/2"]
[WhiteElo "2511"]
[BlackElo "2369"]
[PlyCount "21"]
[EventDate "2019.02.09"]
[EventType "swiss"]
[EventRounds "9"]
[EventCountry "POL"]
[SourceTitle "CBM 188 Extra"]
[Source "ChessBase"]
[SourceDate "2019.02.28"]
[SourceVersion "1"]
[SourceVersionDate "2019.02.28"]
[SourceQuality "1"]

1. d4 d5 2. Nf3 Nf6 3. c4 e6 4. g3 Bb4+ 5. Bd2 Be7 6. Bg2 0-0 7. 0-0 Nbd7 8. Qc2 c6 9. Bf4 b6 10. cxd5 cxd5 11. Rc1 1/2-1/2